Statistics for UK Towns Quiz - Staffordshire

Click here to take the quiz!

General Stats

  • This quiz has been taken 9 times
  • The average score is 14 of 74

Answer Stats

CluePopulationName of Town% Correct
L19,385Leek
89%
S71,673Stafford
89%
S260,602Stoke-on-Trent
89%
N76,503Newcastle-under-Lyme
78%
B76,270Burton upon Trent
67%
C63,054Cannock
67%
R26,156Rugeley
67%
T76,092Tamworth
67%
U14,014Uttoxeter
56%
K15,593Kidsgrove
44%
B17,488Biddulph
33%
B1,283Biddulph Moor
33%
B6,799Blythe Bridge
33%
C11,406Cheadle
33%
C11,860Codsall
33%
L32,575Lichfield
33%
P8,370Penkridge
33%
S17,278Stone
33%
A2,829Alrewas
22%
B1,412Barlaston
22%
C4,024Cheddleton
22%
E3,230Eccleshall
22%
F7,574Fazeley
22%
N8,147Norton Canes
22%
S2,195Shenstone
22%
W6,009Werrington
22%
W1,998Wheaton Aston
22%
B4,715Barton-under-Needwood
11%
B3,183Bignall End
11%
B27,895Burntwood
11%
E2,652Endon
11%
G4,039Gnosall
11%
G17,643Great Wyrley
11%
H3,633Harriseahead
11%
K4,644Kinver
11%
M3,290Madeley
11%
R2,476Rawnsley
11%
R1,676Rocester
11%
S1,340Stonnall
11%
T3,439Talke
11%
T3,678Tutbury
11%
W1,059Weston
11%
W12,818Wombourne
11%
Y1,174Yoxall
11%
A1,330Abbots Bromley
0%
A1,983Audley
0%
B1,118Baldwin's gate
0%
B2,545Brewood
0%
B1,000Brocton
0%
B2,373Brown Edge
0%
C2,395Coven
0%
E3,469Essington
0%
F7,094Featherstone
0%
F3,617Fradley
0%
G2,029Great Haywood
0%
H1,157Hamler End
0%
H4,834Handsacre
0%
H1,013Hill Ridware
0%
H2,084Hixon
0%
H4,715Huntington
0%
K2,606Keele
0%
K1,032Kings Bromley
0%
L1,969Little Haywood
0%
L2,522Loggerheads
0%
M1,099Mayfield
0%
P1,773Pattingham
0%
P9,299Perton
0%
R2,900Rolleston on Dove
0%
S2,163Streethay
0%
S4,643Stretton
0%
S1,133Swindon
0%
U3,241Upper Tean
0%
W2,479Whittington
0%
Y2,145Yarnfield
0%

Score Distribution

Percentile by Number Answered

Percent of People with Each Score

Your Score History

You have not taken this quiz